[Event "Mittelfrank Regionalliga Nord-Ost 2223"]
[Site "Mittelfranken"]
[Date "2022.10.23"]
[Round "2.6"]
[White "Liemann, Michael"]
[Black "Novak, Jindrich"]
[Result "1-0"]
[WhiteElo "1984"]
[BlackElo "2048"]
[PlyCount "79"]
[EventDate "2022.10.09"]
[EventType "team-tourn"]
[EventRounds "9"]
[EventCountry "GER"]
[SourceTitle "EXT 2024"]
[Source "ChessBase"]
[SourceDate "2023.10.10"]
[SourceVersion "1"]
[SourceVersionDate "2023.10.10"]
[SourceQuality "1"]
[WhiteTeam "Forchheim SC"]
[BlackTeam "Windischeschenbach"]
[WhiteTeamCountry "GER"]
[BlackTeamCountry "GER"]

1. e4 d6 2. d4 e5 3. Nf3 Nc6 4. Bb5 Bd7 5. Nc3 Nf6 6. 0-0 Be7 7. Re1 0-0 8. Bxc6 Bxc6 9. dxe5 dxe5 10. Qxd8 Raxd8 11. Nxe5 Bxe4 12. Nxe4 Nxe4 13. Nd3 f5 14. f3 Bc5+ 15. Nxc5 Nxc5 16. Bg5 Rd5 17. Be7 Re8 18. c4 Rxe7 19. Rxe7 Rd2 20. Rxc7 Ne6 21. Rxb7 Nf4 22. Re1 Rxg2+ 23. Kf1 h5 24. Re5 Rc2 25. Rxf5 Rxc4 26. Ke1 Ne6 27. Rxh5 Rc2 28. Kd1 Rf2 29. Re5 Nf4 30. Rg5 Kh7 31. Rbxg7+ Kh6 32. Rg4 Nd3 33. Rxa7 Nxb2+ 34. Kc1 Nd3+ 35. Kb1 Rb2+ 36. Ka1 Rxh2 37. Rg1 Nf4 38. Ra8 Kh7 39. Rag8 Rf2 40. R8g4 1-0

[Event "Ricany op 20th"]
[Site "Ricany"]
[Date "2022.08.28"]
[Round "2"]
[White "Havelka, Petr"]
[Black "Novak, Jindrich"]
[Result "0-1"]
[WhiteElo "1817"]
[BlackElo "2093"]
[PlyCount "56"]
[EventDate "2022.08.27"]
[EventType "swiss"]
[EventRounds "9"]
[EventCountry "CZE"]
[SourceTitle "CBM 210 Extra"]
[Source "ChessBase"]
[SourceDate "2022.11.30"]
[SourceVersion "1"]
[SourceVersionDate "2022.11.30"]
[SourceQuality "1"]

1. d4 d6 2. c4 e5 3. dxe5 dxe5 4. Qxd8+ Kxd8 5. e3 c6 6. Nf3 f6 7. Be2 Be6 8. Nc3 Kc7 9. a3 Nh6 10. b4 a5 11. b5 Nd7 12. Na4 Nb6 13. Nxb6 Kxb6 14. a4 Nf7 15. 0-0 Kc7 16. Ba3 Bxa3 17. Rxa3 c5 18. Rd1 Rad8 19. Raa1 Rxd1+ 20. Rxd1 Nd6 21. Nd2 Rd8 22. b6+ Kc8 23. Rc1 Kb8 24. Kf1 Nc8 25. Nb3 Nxb6 26. Nxc5 Bf7 27. Rb1 Rc8 28. Rxb6 Rxc5 0-1

[Event "Ricany op 20th"]
[Site "Ricany"]
[Date "2022.08.27"]
[Round "1"]
[White "Novak, Jindrich"]
[Black "Zemen, Pavel"]
[Result "1-0"]
[WhiteElo "2093"]
[BlackElo "1731"]
[PlyCount "41"]
[EventDate "2022.08.27"]
[EventType "swiss"]
[EventRounds "9"]
[EventCountry "CZE"]
[SourceTitle "CBM 210 Extra"]
[Source "ChessBase"]
[SourceDate "2022.11.30"]
[SourceVersion "1"]
[SourceVersionDate "2022.11.30"]
[SourceQuality "1"]

1. d4 Nf6 2. Nf3 g6 3. Bg5 Bg7 4. h4 h5 5. Nbd2 d6 6. e4 Bg4 7. Be2 Nbd7 8. e5 Nh7 9. Bf4 Nb6 10. c3 Qd7 11. a4 a5 12. 0-0 Nf8 13. Bb5 c6 14. Be2 Ne6 15. Bg3 Bh6 16. Re1 0-0 17. Qb3 Nd5 18. Bc4 Ndc7 19. exd6 exd6 20. Ne4 Bg7 21. Nfd2 1-0

[Event "Prague Holiday K31"]
[Site "Prague"]
[Date "2017.08.04"]
[Round "9"]
[White "Aubrecht, Petr"]
[Black "Novak, Jindrich"]
[Result "1/2-1/2"]
[WhiteElo "1935"]
[BlackElo "2105"]
[PlyCount "34"]
[EventDate "2017.07.30"]
[EventType "tourn"]
[EventRounds "9"]
[EventCountry "CZE"]
[SourceTitle "EXT 2023"]
[Source "ChessBase"]
[SourceDate "2022.10.05"]
[SourceVersion "1"]
[SourceVersionDate "2022.10.05"]
[SourceQuality "1"]

1. e4 d6 2. d4 e5 3. dxe5 dxe5 4. Qxd8+ Kxd8 5. Nf3 f6 6. Nc3 c6 7. Bc4 Nd7 8. Be3 Bc5 9. Bxc5 Nxc5 10. 0-0-0+ Kc7 11. a3 Be6 12. Nd2 b5 13. Bxe6 Nxe6 14. Nb3 Ne7 15. Rd2 Rhd8 16. Rhd1 Rxd2 17. Rxd2 Rd8 1/2-1/2

[Event "Prague Holiday K31"]
[Site "Prague"]
[Date "2017.07.30"]
[Round "2"]
[White "Novak, Jindrich"]
[Black "Vit, Zdenek"]
[Result "1-0"]
[WhiteElo "2105"]
[BlackElo "1889"]
[PlyCount "43"]
[EventDate "2017.07.30"]
[EventType "tourn"]
[EventRounds "9"]
[EventCountry "CZE"]
[SourceTitle "EXT 2023"]
[Source "ChessBase"]
[SourceDate "2022.10.05"]
[SourceVersion "1"]
[SourceVersionDate "2022.10.05"]
[SourceQuality "1"]

1. d4 Nf6 2. Bg5 e6 3. Nf3 Be7 4. Nbd2 h6 5. Bh4 d5 6. e3 0-0 7. Rc1 b6 8. Bd3 Bb7 9. 0-0 Ne4 10. Bxe7 Qxe7 11. c3 Nd7 12. Bb1 f5 13. g3 Ndf6 14. Ne5 Qe8 15. f3 Nd6 16. Kg2 Ba6 17. Bd3 Bxd3 18. Nxd3 Qb5 19. Qc2 Nc4 20. a4 Qa6 21. Nxc4 Qxc4 22. Nb4 1-0

[Event "Prague Holiday M21"]
[Site "Prague"]
[Date "2015.07.28"]
[Round "4"]
[White "Houska, Jiri"]
[Black "Novak, Jindrich"]
[Result "1-0"]
[WhiteElo "2286"]
[BlackElo "2138"]
[PlyCount "65"]
[EventDate "2015.07.26"]
[EventType "tourn"]
[EventRounds "9"]
[EventCountry "CZE"]
[SourceTitle "EXT 2017"]
[Source "ChessBase"]
[SourceDate "2016.10.25"]
[SourceVersion "1"]
[SourceVersionDate "2016.10.25"]
[SourceQuality "1"]

1. e4 d6 2. d4 e5 3. Nf3 Nd7 4. Bc4 c6 5. 0-0 Be7 6. dxe5 dxe5 7. Ng5 Bxg5 8. Qh5 g6 9. Qxg5 Qxg5 10. Bxg5 Nc5 11. f3 Be6 12. Be2 Nd7 13. Nd2 f6 14. Be3 Nb6 15. a4 Ne7 16. a5 Nd7 17. Nc4 0-0 18. Rfd1 Rfb8 19. Rd6 Nf8 20. Rad1 g5 21. g3 Nc8 22. Rd8 b5 23. Nd6 Ne7 24. Rxb8 Rxb8 25. Bxa7 Ra8 26. Bb6 Nd7 27. Nb7 Nf8 28. Nc5 Bc4 29. Bxc4+ bxc4 30. Rd8 Nc8 31. Nd7 Kg7 32. Rxf8 Nxb6 33. axb6 1-0

[Event "Prague Holiday M21"]
[Site "Prague"]
[Date "2015.07.28"]
[Round "5"]
[White "Novak, Jindrich"]
[Black "Hollan, Martin"]
[Result "0-1"]
[WhiteElo "2138"]
[BlackElo "2180"]
[PlyCount "25"]
[EventDate "2015.07.26"]
[EventType "tourn"]
[EventRounds "9"]
[EventCountry "CZE"]
[SourceTitle "EXT 2017"]
[Source "ChessBase"]
[SourceDate "2016.10.25"]
[SourceVersion "1"]
[SourceVersionDate "2016.10.25"]
[SourceQuality "1"]

1. d4 e6 2. Nf3 f5 3. Nc3 Bb4 4. Qd3 Nf6 5. Bg5 h6 6. Bd2 Bxc3 7. Bxc3 b6 8. Ne5 0-0 9. f3 Qe8 10. Qd2 d6 11. Nd3 Bb7 12. 0-0-0 Nbd7 13. e3 0-1

[Event "Prague Holiday M11"]
[Site "Prague"]
[Date "2015.07.23"]
[Round "8"]
[White "Novak, Jindrich"]
[Black "Hentzgen, Thomas"]
[Result "1-0"]
[WhiteElo "2138"]
[BlackElo "2085"]
[PlyCount "107"]
[EventDate "2015.07.19"]
[EventType "tourn"]
[EventRounds "9"]
[EventCountry "CZE"]
[SourceTitle "EXT 2017"]
[Source "ChessBase"]
[SourceDate "2016.10.25"]
[SourceVersion "1"]
[SourceVersionDate "2016.10.25"]
[SourceQuality "1"]

1. d4 Nf6 2. Nf3 e6 3. Bg5 d5 4. e3 Be7 5. Nbd2 Nbd7 6. Bd3 h6 7. Bh4 b6 8. 0-0 Bb7 9. Ne5 Nxe5 10. dxe5 Nd7 11. Bg3 Nc5 12. Be2 0-0 13. c3 a5 14. Qc2 a4 15. Rad1 Qc8 16. f4 a3 17. b3 Ne4 18. Be1 Bc5 19. Rf3 Ra7 20. Rh3 Qa8 21. Bd3 Be7 22. g4 c5 23. Bxe4 dxe4 24. Nc4 Ba6 25. g5 hxg5 26. fxg5 Bxc4 27. bxc4 g6 28. Rg3 Kg7 29. Rg2 Rh8 30. h4 Qc6 31. Rgd2 Rha8 32. Bg3 Rh8 33. Rf1 Rf8 34. Qd1 Rh8 35. Rdf2 Rf8 36. Qg4 Bd8 37. h5 Rh8 38. Rh2 Qe8 39. hxg6 Rxh2 40. gxf7 Rxf7 41. Bxh2 Rxf1+ 42. Kxf1 Qg6 43. Bf4 Kf7 44. Qh4 Kg7 45. Ke2 Be7 46. Kd2 Qh7 47. Qh6+ Qxh6 48. gxh6+ Kg6 49. Kc2 Bh4 50. Kb3 Be1 51. Kxa3 Bxc3 52. Ka4 Ba5 53. Kb5 Bb4 54. Kxb6 1-0

[Event "Prague Holiday M11"]
[Site "Prague"]
[Date "2015.07.19"]
[Round "1"]
[White "Novak, Jindrich"]
[Black "Vesely, Jaromir"]
[Result "1-0"]
[WhiteElo "2138"]
[BlackElo "2048"]
[PlyCount "85"]
[EventDate "2015.07.19"]
[EventType "tourn"]
[EventRounds "9"]
[EventCountry "CZE"]
[SourceTitle "EXT 2017"]
[Source "ChessBase"]
[SourceDate "2016.10.25"]
[SourceVersion "1"]
[SourceVersionDate "2016.10.25"]
[SourceQuality "1"]

1. d3 g6 2. g4 e5 3. h4 h5 4. g5 d5 5. e4 dxe4 6. dxe4 Qxd1+ 7. Kxd1 Bc5 8. f3 Nc6 9. c3 Be6 10. Kc2 Nge7 11. Nd2 0-0 12. Bc4 Bxc4 13. Nxc4 b5 14. Be3 Bxe3 15. Nxe3 f5 16. gxf6 Rxf6 17. Rd1 Rd8 18. Rh2 Kf7 19. Nh3 Rxd1 20. Ng5+ Ke8 21. Nxd1 Nd8 22. Nf2 Nf7 23. Nxf7 Rxf7 24. Rh3 Kd7 25. Nd3 Kd6 26. b4 Rf8 27. Nc5 Rf6 28. Kb3 Nc8 29. a4 bxa4+ 30. Kxa4 Nb6+ 31. Kb3 Nd7 32. Nd3 c5 33. b5 Nb6 34. c4 Nd7 35. Ne1 Nf8 36. Rh2 Ne6 37. Ra2 Nd4+ 38. Kb2 Kc7 39. Rxa7+ Kb8 40. Rg7 Rf4 41. Nd3 Rxh4 42. Nxc5 Nxf3 43. b6 1-0

[Event "Rakovnik Regional-chT 1415"]
[Site "Rakovnik"]
[Date "2014.11.23"]
[Round "3.3"]
[White "Novak, Jindrich"]
[Black "Dungl, Martin"]
[Result "0-1"]
[WhiteElo "2094"]
[BlackElo "2105"]
[PlyCount "70"]
[EventDate "2014.10.19"]
[EventType "team-tourn"]
[EventRounds "11"]
[EventCountry "CZE"]
[SourceTitle "EXT 2016"]
[Source "ChessBase"]
[SourceDate "2015.10.08"]
[SourceVersion "1"]
[SourceVersionDate "2015.10.08"]
[SourceQuality "1"]
[WhiteTeam "Kostelec nad CL"]
[BlackTeam "Uholicky"]
[WhiteTeamCountry "CZE"]
[BlackTeamCountry "CZE"]

1. d4 d5 2. Bg5 g6 3. h4 Bg7 4. c3 h6 5. Bf4 Nf6 6. e3 0-0 7. Bd3 c5 8. Bxb8 Rxb8 9. dxc5 b6 10. cxb6 Qxb6 11. Nd2 Bg4 12. Qb3 Qc5 13. Qc2 e5 14. Nb3 Qb6 15. Qd2 a5 16. Rb1 a4 17. Nc1 Rfe8 18. Nge2 d4 19. e4 Nd7 20. c4 Bf8 21. Qc2 Qa5+ 22. Kf1 Nc5 23. f3 Be6 24. Kf2 f5 25. exf5 Nxd3+ 26. Nxd3 gxf5 27. Ng3 e4 28. Nf4 Bc5 29. Qc1 d3+ 30. Kf1 Rbd8 31. fxe4 fxe4 32. Nxe4 d2 33. Qc2 d1Q+ 34. Rxd1 Rxd1+ 35. Ke2 Bg4# 0-1

[Event "Prague Holiday K11"]
[Site "Prague"]
[Date "2014.07.24"]
[Round "7"]
[White "Novak, Jindrich"]
[Black "Kasparova, Tatiana"]
[Result "0-1"]
[WhiteElo "2077"]
[BlackElo "2132"]
[PlyCount "79"]
[EventDate "2014.07.20"]
[EventType "tourn"]
[EventRounds "9"]
[EventCountry "CZE"]
[SourceTitle "EXT 2023"]
[Source "ChessBase"]
[SourceDate "2022.10.05"]
[SourceVersion "1"]
[SourceVersionDate "2022.10.05"]
[SourceQuality "1"]

1. e4 d6 2. f4 g6 3. Bc4 c6 4. Nc3 Nf6 5. d3 d5 6. Bb3 dxe4 7. Nxe4 Nxe4 8. dxe4 Qxd1+ 9. Kxd1 Nd7 10. c3 Nc5 11. Bc2 Be6 12. Ke2 0-0-0 13. b3 Bg7 14. Bb2 f5 15. e5 Bd5 16. Nf3 Bxf3+ 17. gxf3 Ne6 18. Bc1 Bh6 19. Be3 Bxf4 20. Rad1 Bxe5 21. Bxa7 Bxc3 22. Be3 Bd4 23. Bc1 Bb6 24. Bb2 Nf4+ 25. Ke1 Rxd1+ 26. Kxd1 Rd8+ 27. Kc1 Nd3+ 28. Kb1 Nxb2 29. Kxb2 Rd2 30. Kb1 e5 31. h4 Rf2 32. Bd1 Bd4 33. h5 g5 34. a4 h6 35. Re1 Kd7 36. Re2 Rxf3 37. a5 Rf1 38. Kc1 g4 39. a6 bxa6 40. Ra2 0-1

[Event "Prague Holiday K11"]
[Site "Prague"]
[Date "2014.07.23"]
[Round "6"]
[White "Fiala, Jan1111"]
[Black "Novak, Jindrich"]
[Result "0-1"]
[WhiteElo "1952"]
[BlackElo "2077"]
[PlyCount "94"]
[EventDate "2014.07.20"]
[EventType "tourn"]
[EventRounds "9"]
[EventCountry "CZE"]
[SourceTitle "EXT 2023"]
[Source "ChessBase"]
[SourceDate "2022.10.05"]
[SourceVersion "1"]
[SourceVersionDate "2022.10.05"]
[SourceQuality "1"]

1. a3 g5 2. d4 Bg7 3. e4 d5 4. e5 g4 5. Bg5 c5 6. Bb5+ Kf8 7. Nc3 c4 8. Nge2 a6 9. Ba4 b5 10. Bxb5 axb5 11. Nxb5 Qa5+ 12. Nbc3 Na6 13. 0-0 Nc7 14. Qd2 Qb6 15. Rfb1 Bh6 16. b4 Bxg5 17. Qxg5 Qh6 18. Qxh6+ Nxh6 19. b5 Bb7 20. b6 Ne6 21. Nb5 Nf5 22. a4 Ra5 23. c3 Kg7 24. Rb4 Rha8 25. Na7 Nd8 26. Nf4 Kh6 27. h3 e6 28. hxg4 Ne7 29. g3 Ndc6 30. Nxc6 Nxc6 31. Rbb1 Rxa4 32. Rxa4 Rxa4 33. Kg2 Kg7 34. Nh5+ Kf8 35. Nf6 Ra2 36. Rh1 Nxe5 37. Rxh7 Nd3 38. g5 Rxf2+ 39. Kg1 Ke7 40. Rh8 Kd6 41. Rf8 Rf3 42. Kh2 e5 43. dxe5+ Nxe5 44. Rd8+ Kc6 45. Nxd5 Kc5 46. Nf4 Rxc3 47. Re8 Nf3+ 0-1

[Event "Prague Holiday K11"]
[Site "Prague"]
[Date "2014.07.22"]
[Round "4"]
[White "Pommrich, Rainer"]
[Black "Novak, Jindrich"]
[Result "0-1"]
[WhiteElo "2003"]
[BlackElo "2077"]
[PlyCount "30"]
[EventDate "2014.07.20"]
[EventType "tourn"]
[EventRounds "9"]
[EventCountry "CZE"]
[SourceTitle "EXT 2023"]
[Source "ChessBase"]
[SourceDate "2022.10.05"]
[SourceVersion "1"]
[SourceVersionDate "2022.10.05"]
[SourceQuality "1"]

1. e4 d6 2. c4 e5 3. Nf3 Nc6 4. d4 Bg4 5. d5 Nd4 6. Qa4+ Bd7 7. Qd1 Nxf3+ 8. Qxf3 Be7 9. Bd3 Bg5 10. Be3 Nh6 11. h3 Bxe3 12. fxe3 Qh4+ 13. g3 Qg5 14. Nc3 0-0 15. 0-0-0 f5 0-1

[Event "Prague Holiday M11"]
[Site "Prague"]
[Date "2013.07.16"]
[Round "5"]
[White "Novak, Jindrich"]
[Black "Gregor, Jiri"]
[Result "1/2-1/2"]
[WhiteElo "2013"]
[BlackElo "2276"]
[PlyCount "64"]
[EventDate "2013.07.14"]
[EventType "tourn"]
[EventRounds "9"]
[EventCountry "CZE"]
[SourceTitle "EXT 2023"]
[Source "ChessBase"]
[SourceDate "2022.10.05"]
[SourceVersion "1"]
[SourceVersionDate "2022.10.05"]
[SourceQuality "1"]

1. e4 c5 2. f4 Nc6 3. c3 d5 4. d3 e5 5. Nf3 Nf6 6. fxe5 dxe4 7. exf6 exf3 8. Qxf3 gxf6 9. Qe4+ Be6 10. Na3 Qd7 11. Bf4 0-0-0 12. Qa4 Bd6 13. Bxd6 Qxd6 14. 0-0-0 Qe5 15. Kb1 Rhg8 16. Nc4 Qf5 17. Na5 Rg4 18. Nxc6 Rxa4 19. Ne7+ Kc7 20. Nxf5 Bxf5 21. b3 Rf4 22. Kc2 b5 23. Kc1 Rf2 24. Rd2 Rxd2 25. Kxd2 Bxd3 26. Bxd3 c4 27. bxc4 bxc4 28. Rf1 Rxd3+ 29. Kc2 Rd6 30. Rf4 Rc6 31. Rh4 Kd6 32. Rxh7 Ke6 1/2-1/2

[Event "Prague Holiday M11"]
[Site "Prague"]
[Date "2013.07.15"]
[Round "3"]
[White "Novak, Jindrich"]
[Black "Sisak, Richard"]
[Result "1-0"]
[WhiteElo "2013"]
[BlackElo "2072"]
[PlyCount "74"]
[EventDate "2013.07.14"]
[EventType "tourn"]
[EventRounds "9"]
[EventCountry "CZE"]
[SourceTitle "EXT 2023"]
[Source "ChessBase"]
[SourceDate "2022.10.05"]
[SourceVersion "1"]
[SourceVersionDate "2022.10.05"]
[SourceQuality "1"]

1. d4 g6 2. h4 h5 3. Bg5 Bg7 4. c3 Nf6 5. Nd2 d6 6. Ngf3 d5 7. Qb3 c6 8. e4 Qb6 9. Bxf6 Qxb3 10. axb3 Bxf6 11. exd5 cxd5 12. Bd3 Nc6 13. b4 b6 14. b5 Na5 15. Ke2 Kd8 16. Ra2 Kc7 17. Rha1 Kb8 18. Ne5 Bxe5 19. dxe5 Be6 20. b4 Nb7 21. Nb3 Rc8 22. Kd2 d4 23. Nxd4 Bxa2 24. Rxa2 Kc7 25. Be4 Rd8 26. Ke3 e6 27. Kf4 Rd7 28. Bc6 a5 29. bxa6 Rxd4+ 30. cxd4 Kxc6 31. axb7 Rb8 32. Ra7 Kd5 33. Ke3 Kc4 34. Ke4 b5 35. g3 Kxb4 36. Kd3 Kb3 37. d5 exd5 1-0